000 00999nas a2200349 4500
001 BR2012003353
003 BR-BrBNA
005 20231205120531.0
007 ta
008 230509b bl.|||p| |||| 00| 00por d
040 _aBR-BrBNA
_bpor
_cBiblioteca Nacional de Agricultura
041 _a(Pt)
072 _aF03; F62
100 1 _aPupim, T.L.
100 1 _aNovembre, A.D. da L.C.
100 1 _aBrancalion, P.H.S.
100 1 _aMoraes, H.D. de
100 1 _aMondo, V.H.V.
100 1 _aLabonia, V.D. de S.
245 1 _aConservação de sementes de Magnolia ovata St. Hil.
650 _aMAGNOLIACEAE
650 _aSEMENTE
650 _aARMAZENAMENTO
650 _aCONSERVAÇÃO
650 _aTEOR DE UMIDADE
650 _aEMERGÊNCIA
650 _aTEMPERATURA
650 _aPLÂNTULA
773 0 _tRevista Brasileira de Sementes (Brazil)
_xISSN 0101-3122
_g(Sep 2009), v. 31(3) p. 96-105
_wBR2012003353
909 _a202311
_bLúcia
_c55
_dLúcia Elande
942 _2AGRIS
_n0
_cANA
999 _c219001
_d219001